[Event "Arab-ch U18 Girls"]
[Site "Baghdad"]
[Date "2022.03.10"]
[Round "1"]
[White "Nabaa Sami, Abbas Al Attra"]
[Black "Ghezel, Nawar Ahmed"]
[Result "1-0"]
[WhiteElo "1827"]
[BlackElo "1429"]
[PlyCount "41"]
[EventDate "2022.03.10"]
[EventType "tourn"]
[EventRounds "7"]
[EventCountry "IRQ"]
[SourceTitle "EXT 2023"]
[Source "ChessBase"]
[SourceDate "2022.10.05"]
[SourceVersion "1"]
[SourceVersionDate "2022.10.05"]
[SourceQuality "1"]

1. d4 d5 2. Bf4 Nf6 3. e3 Bf5 4. Bd3 Bg6 5. Nf3 Nc6 6. c4 e6 7. Nc3 Bb4 8. 0-0 0-0 9. h3 Bxc3 10. bxc3 Ne4 11. Qc2 Re8 12. Rab1 b6 13. cxd5 exd5 14. c4 a5 15. a3 Ra7 16. Rbc1 Ne7 17. Ne5 f6 18. Nxg6 Nxg6 19. cxd5 Nxf4 20. exf4 Qxd5 21. Bc4 1-0